000
00280nam a22001337a 4500
008
170511b xxu||||| |||| 00| 0 eng d
020
_a
0256037361
041
_a
eng
080
_a
331
100
_a
15
101
_a
SHJ
245
_a
LABOR RELATIONS
_c
GLASSMAN
942
_2
udc
_c
BK
999
_c
13253
_d
13253